Vista normal Vista MARC

Entrada Topical Term

Número de registros utilizados en: 4

001 - CONTROL NUMBER

  • control field: 61148

003 - CONTROL NUMBER IDENTIFIER

  • control field: OSt

005 - DATE AND TIME OF LATEST TRANSACTION

  • control field: 20250715150958.0

008 - FIXED-LENGTH DATA ELEMENTS

  • fixed length control field: 250715|| aca||aabn | a|a d

040 ## - CATALOGING SOURCE

  • Original cataloging agency: OSt
  • Transcribing agency: OSt

150 ## - HEADING--TOPICAL TERM

  • Topical term or geographic name entry element: Anatomía humana
  • General subdivision: enseñanza

670 ## - SOURCE DATA FOUND

  • Source citation: Work cat.: (OSt)57627: VanCleave, Janice Pratt aut 61147, Anatomía para niños y jóvenes :









Instituto Departamental de Cultura del Meta - Red Departamental de Bibliotecas Públicas del Meta.